|
|
|
|
| LEADER |
00000nam0a2200000 4500 |
| 001 |
25702 |
| 005 |
20231030201045.0 |
| 010 |
|
|
|a 5807100212
|
| 035 |
|
|
|a (RuTPU)RU\TPU\book\25939
|
| 035 |
|
|
|a BOOK00026014
|
| 090 |
|
|
|a 25702
|
| 100 |
|
|
|a 20011209d1999 km y0rusy50 ca
|
| 101 |
1 |
|
|a rus
|c fre
|
| 102 |
|
|
|a RU
|
| 105 |
|
|
|a a z 001zy
|
| 200 |
1 |
|
|a Жизнь и развлечения в средние века
|e пер. с фр.
|f Э. Э. Виолле-ле-Дюк
|
| 210 |
|
|
|a СПб.
|c Евразия
|d 1999
|
| 215 |
|
|
|a 384 с.
|c ил.
|
| 225 |
1 |
|
|a Культура средних веков в памятниках исторической мысли Франции
|
| 320 |
|
|
|a Библиогр.: с. 374-381.
|
| 320 |
|
|
|a Предм. указ.: с. 361-373.
|
| 320 |
|
|
|a Имен. указ.: с.347-359.
|
| 610 |
1 |
|
|a история
|
| 610 |
1 |
|
|a всемирная история
|
| 610 |
1 |
|
|a средние века
|
| 610 |
1 |
|
|a средневековье
|
| 610 |
1 |
|
|a быт
|
| 610 |
1 |
|
|a развлечения
|
| 610 |
1 |
|
|a охота на ведьм
|
| 610 |
1 |
|
|a обычаи
|
| 610 |
1 |
|
|a материальная культура
|
| 610 |
1 |
|
|a музыкальные инструменты
|
| 610 |
1 |
|
|a частная жизнь
|
| 610 |
1 |
|
|a культура
|
| 686 |
|
|
|a Т3(4)4
|v LBC/SL-A
|2 rubbk
|
| 700 |
|
1 |
|a Виолле-Ле-Дюк
|b Э. Э.
|g Эжен Эмманюэль
|
| 801 |
|
0 |
|a RU
|b 63413507
|c 20011209
|g PSBO
|
| 801 |
|
2 |
|a RU
|b 63413507
|c 20120228
|g PSBO
|
| 942 |
|
|
|c BK
|